Veľká hra o Strednú Áziu v 19. storočí bakalárska práca

Na minha lista:
Detalhes bibliográficos
Autor principal: Čech, Tibor
Autor Corporativo: Fakulta medzinárodných vzťahov EU. Katedra medzinárodných ekonomických vzťahov a hospodárskej diplomacie
Outros Autores: Ondriaš, Juraj, 1988-
Formato: Livro
Idioma:eslovaco
Publicado em: Bratislava 2021
Tags: Adicionar Tag
Sem tags, seja o primeiro a adicionar uma tag!

MARC

LEADER 00000nbm a2200000 4500
001 0275449
005 20220222101555.5
041 0 |a slo 
044 |a SK 
245 1 0 |a Veľká hra o Strednú Áziu v 19. storočí  |b bakalárska práca  |c Tibor Čech ; školiteľ: Juraj Ondriaš 
264 1 |a Bratislava  |c 2021 
300 |a 52 s. 
100 1 |a Čech, Tibor 
700 1 |a Ondriaš, Juraj, 1988- 
710 2 |a Fakulta medzinárodných vzťahov EU. Katedra medzinárodných ekonomických vzťahov a hospodárskej diplomacie